How Canadians communicate IV: media and politics / (Record no. 290626)
[ view plain ]
| 000 -LEADER | |
|---|---|
| fixed length control field | 00494nam a2200145Ia 4500 |
| 008 - FIXED-LENGTH DATA ELEMENTS--GENERAL INFORMATION | |
| fixed length control field | 160216s9999 xx 000 0 und d |
| 100 ## - MAIN ENTRY--PERSONAL NAME | |
| Personal name | Taras, D. |
| 245 ## - TITLE STATEMENT | |
| Title | How Canadians communicate IV: media and politics / |
| 245 ## - TITLE STATEMENT | |
| Statement of responsibility, etc | D. Taras & C. Waddell. |
| 260 ## - PUBLICATION, DISTRIBUTION, ETC. (IMPRINT) | |
| Name of publisher, distributor, etc | AU Press. |
| 260 ## - PUBLICATION, DISTRIBUTION, ETC. (IMPRINT) | |
| Date of publication, distribution, etc | 2012 |
| 650 ## - SUBJECT ADDED ENTRY--TOPICAL TERM | |
| General subdivision | Communication - Canada. |
| 650 ## - SUBJECT ADDED ENTRY--TOPICAL TERM | |
| General subdivision | Communication - media and politics. |
| 856 ## - ELECTRONIC LOCATION AND ACCESS | |
| Uniform Resource Identifier | <a href="http://www.aupress.ca/books/120205/ebook/99Z_Taras_Waddell_2012-How_Canadians_Communicate_IV.pdf">http://www.aupress.ca/books/120205/ebook/99Z_Taras_Waddell_2012-How_Canadians_Communicate_IV.pdf</a> |
| Withdrawn status | Lost status | Damaged status | Home library | Current library | Date acquired | Total Checkouts | Date last seen | Price effective from | Koha item type |
|---|---|---|---|---|---|---|---|---|---|
| College Library | College Library | 02/16/2016 | 02/16/2016 | 02/16/2016 | Curriculum - Based eBooks |